[Event "Memorial L.Toth"]
[Site "masterchessopen.com Kecskemet (Hungary)"]
[Round "0"]
[White "Barczay Laszlo (HUN)"]
[Black "Ostojic Predrag (YUG)"]
[Result "1-0"]
[WhiteElo "2470"]
[BlackElo "2480"]

1.e4 c5 2.Nf3 Nc6 3.d4 cxd4 4.Nxd4 Nf6 5.Nc3 d6 6.Bg5 e6 7.Qd2 a6 8.O-O-O Bd7
9.f4 b5 10.Nxc6 Bxc6 11.Qe1 Qa5 12.Kb1 Be7 13.e5 dxe5 14.fxe5 Nd7 15.Bxe7 Kxe7
16.Nd5+ {#r} 1-0

[Event "Tournament"]
[Site "masterchessopen.com Parnu (Estonia)"]
[Round "0"]
[White "Gaprindashvili Nona (GEO)"]
[Black "Tamme Ants (EST)"]
[Result "1-0"]
[WhiteElo "2430"]
[BlackElo "2220"]

1.e4 c5 2.Nf3 Nc6 3.d4 cxd4 4.Nxd4 Nf6 5.Nc3 d6 6.Bg5 e6 7.Qd2 a6 8.O-O-O Bd7
9.f3 Be7 10.h4 Qc7 11.g4 O-O-O 12.Be3 Ne5 13.g5 Nh5 14.Qf2 Kb8 15.Nb3 Nc4
16.Bxc4 Qxc4 17.Bb6 Rdf8 18.Nc5 Bc6 19.Rd4 Qxd4 20.Qxd4 dxc5 21.Bxc5 Bxc5
22.Qxc5 Rd8 23.Rd1 Rxd1+ 24.Nxd1 Rd8 25.Ne3 Kc8 26.Nc4 Nf4 27.b4 Ne2+ 28.Kb2
{#r} 1-0

[Event "It"]
[Site "masterchessopen.com Sochi (Russia)"]
[Round "0"]
[White "Suetin Alexei S (RUS)"]
[Black "Spassov Liuben (BUL)"]
[Result "1-0"]
[WhiteElo "2525"]
[BlackElo "2480"]

1.e4 c5 2.Nf3 d6 3.Nc3 Nc6 4.d4 cxd4 5.Nxd4 Nf6 6.Bg5 e6 7.Qd2 a6 8.O-O-O Bd7
9.f4 b5 10.Bxf6 gxf6 11.Nf3 b4 12.Ne2 Qb6 13.Kb1 Qf2 14.Ng3 Qxd2 15.Nxd2 Na5
16.Be2 Bc6 17.Nh5 Be7 18.Bf3 Bd8 19.Rhe1 Ke7 20.Nf1 Bb6 21.Ne3 Bxe3 22.Rxe3
Nc4 23.Rb3 Rab8 24.e5 fxe5 25.Bxc6 Na5 26.fxe5 dxe5 27.Rd7+ Kf8 28.Rf3 f5
29.Bd5 {#r} 1-0

[Event "?"]
[Site "masterchessopen.com URS"]
[Round "0"]
[White "Petrushin Alexander I (RUS)"]
[Black "Panchenko Alexander N (RUS)"]
[Result "0-1"]
[WhiteElo "2345"]
[BlackElo "2294"]

1.e4 c5 2.Nf3 Nc6 3.d4 cxd4 4.Nxd4 Nf6 5.Nc3 d6 6.Bg5 e6 7.Qd2 a6 8.O-O-O Bd7
9.f4 b5 10.Bxf6 gxf6 11.Kb1 b4 12.Nce2 Qb6 13.f5 e5 14.Nb3 a5 15.Qd3 a4 16.Nd2
Na5 17.Ng3 h5 18.h4 Ke7 19.Be2 Rg8 20.Bxh5 Qc5 21.Ndf1 Rc8 22.c3 bxc3 23.Rc1
Bb5 24.Qxc3 Bd3+ 25.Ka1 Nb3+ 26.axb3 axb3 27.Qxc5 dxc5 {#R} 0-1

[Event "?"]
[Site "masterchessopen.com USA"]
[Round "0"]
[White "Bustamante Montoni Richard (VEN)"]
[Black "McCambridge Vincent (USA)"]
[Result "1-0"]
[WhiteElo "2255"]
[BlackElo "2459"]

1.e4 c5 2.Nf3 Nc6 3.Nc3 Nf6 4.d4 cxd4 5.Nxd4 d6 6.Bg5 e6 7.Qd2 a6 8.O-O-O Bd7
9.f4 b5 10.Nxc6 Bxc6 11.Qe3 Be7 12.Bxf6 gxf6 13.f5 Qa5 14.fxe6 fxe6 15.Be2 b4
16.Nd5 exd5 17.exd5 Bb5 18.Rhe1 Bxe2 19.Rxe2 Qc7 20.Rde1 Ra7 21.Qd4 O-O
22.Rxe7 Qxe7 23.Rxe7 Rxe7 24.Qxb4 Rfe8 25.b3 Re1+ 26.Kb2 R1e2 27.Qxd6 Rxg2
28.Qxa6 Ree2 29.Qc4 Rxh2 30.a4 {#r} 1-0

[Event "Ch Poland"]
[Site "masterchessopen.com Piotrkow Trybunalski (Poland)"]
[Date "1977.02.19"]
[Round "6"]
[White "Rakowiecki Tomasz (POL)"]
[Black "Bielczyk Jacek (POL)"]
[Result "0-1"]
[WhiteElo "2334"]
[BlackElo "2301"]

1.e4 c5 2.Nf3 Nc6 3.d4 cxd4 4.Nxd4 Nf6 5.Nc3 d6 6.Bg5 e6 7.Qd2 a6 8.O-O-O Bd7
9.f4 b5 10.Nxc6 Bxc6 11.Qe1 Be7 12.e5 Nd5 13.Bxe7 Qxe7 14.Ne4 dxe5 15.fxe5 O-O
16.Bd3 Nf4 17.h4 Rad8 18.Qe3 Nxd3+ 19.Rxd3 Rxd3 20.Qxd3 Rd8 21.Qe2 Rd4 22.Nd6
Rxh4 23.Rf1 Qg5+ 24.Qd2 Qxd2+ 25.Kxd2 f5 {#R} 0-1

[Event "Olympiad"]
[Site "masterchessopen.com Buenos Aires (Argentina)"]
[Round "7"]
[White "Takemoto Naoko (JPN)"]
[Black "Batres Francisco (NCA)"]
[Result "0-1"]
[WhiteElo "1903"]
[BlackElo "2190"]

1.e4 c5 2.Nf3 Nc6 3.d4 cxd4 4.Nxd4 Nf6 5.Nc3 d6 6.Bg5 Bd7 7.Qd2 a6 8.O-O-O e6
9.f4 h6 10.Bh4 Be7 11.Nf3 g5 12.fxg5 Ng4 13.g6 Bxh4 14.gxf7+ Kf8 15.Qxd6+ Be7
16.Qxd7 Nf2 17.Qxe6 Nxd1 18.Nxd1 Bg5+ 19.Nxg5 Qxg5+ 20.Kb1 Rd8 21.Bd3 Qxg2
22.Rf1 Qxf1 {#R} 0-1

[Event "Ch Europe (juniors)"]
[Site "masterchessopen.com Groningen (Netherlands)"]
[Round "1"]
[White "Gazik Igor (SVK)"]
[Black "Grinberg Nir (ISR)"]
[Result "1-0"]
[WhiteElo "2328"]
[BlackElo "2375"]

1.e4 c5 2.Nf3 Nc6 3.d4 cxd4 4.Nxd4 Nf6 5.Nc3 d6 6.Bg5 e6 7.Qd2 a6 8.O-O-O Bd7
9.f4 b5 10.Nxc6 Bxc6 11.Bd3 Be7 12.e5 b4 13.exf6 gxf6 14.Bh6 bxc3 15.Qxc3 Kd7
16.f5 Rg8 17.Rhe1 Qb6 18.fxe6+ fxe6 19.Bc4 d5 20.Qh3 f5 21.Rxe6 Kxe6 22.Re1+
Kd7 23.Qxf5+ Kd8 24.Bxd5 Bd7 25.Qxh7 Re8 26.Bxa8 Bf6 27.Rxe8+ Bxe8 28.Qd3+ Bd7
29.c3 {#r} 1-0

[Event "It \"]
[Site "masterchessopen.com Habana (Cuba)"]
[Round "5"]
[White "Ortega Rogelio"]
[Black "Garcia Martinez Silvino (CUB)"]
[Result "0-1"]
[WhiteElo "2315"]
[BlackElo "2435"]

1.e4 c5 2.Nf3 d6 3.d4 cxd4 4.Nxd4 Nf6 5.Nc3 a6 6.Bg5 Nc6 7.Qd2 e6 8.O-O-O Bd7
9.f4 b5 10.Bxb5 axb5 11.Ndxb5 Nb4 12.Bxf6 gxf6 13.Nxd6+ Bxd6 14.Qxd6 Nxa2+
15.Nxa2 Rxa2 16.Kb1 Ra7 17.Rd3 Qa8 18.b3 Rg8 19.g3 Ra1+ {#R} 0-1

[Event "?"]
[Site "masterchessopen.com Hamilton (Scotland)"]
[Round "0"]
[White "Shamkovich Leonid (USA)"]
[Black "Ivanovic Bozidar (MNE)"]
[Result "0-1"]
[WhiteElo "2485"]
[BlackElo "2460"]

1.e4 c5 2.Nf3 Nc6 3.d4 cxd4 4.Nxd4 Nf6 5.Nc3 d6 6.Bg5 e6 7.Qd2 a6 8.O-O-O Bd7
9.f3 Qa5 10.Be3 Be7 11.Kb1 b5 12.Nxc6 Bxc6 13.Ne2 Qc7 14.Nd4 O-O 15.g4 Nd7
16.h4 Rac8 17.g5 Ne5 18.h5 Nxf3 19.Nxf3 Bxe4 20.Be2 Qb7 21.Rc1 Bxf3 22.Bxf3
Qxf3 23.g6 hxg6 24.hxg6 fxg6 25.Bg5 Bxg5 26.Qxg5 Rxc2 {#R} 0-1

[Event "It"]
[Site "masterchessopen.com Jakarta (Indonesia)"]
[Round "0"]
[White "Suradiradja Herman (INA)"]
[Black "Hon Kah Seng Christie (MAS)"]
[Result "1-0"]
[WhiteElo "2330"]
[BlackElo "2236"]

1.e4 c5 2.Nf3 Nc6 3.d4 cxd4 4.Nxd4 Nf6 5.Nc3 d6 6.Bg5 e6 7.Qd2 a6 8.O-O-O Bd7
9.f4 b5 10.Nxc6 Bxc6 11.Qe3 Qa5 12.Kb1 Be7 13.Bxf6 gxf6 14.f5 b4 15.Ne2 Qe5
16.Ng3 a5 17.Bc4 h5 18.Qb6 Kd7 19.Bd5 Rac8 20.Qa7+ Rc7 21.Qxa5 h4 22.Bxc6+
Rxc6 23.fxe6+ fxe6 24.Qa7+ Kd8 25.Ne2 Qxe4 26.Qa8+ Kd7 27.Qb7+ Kd8 28.Nd4 {#r}
1-0

[Event "It (open)"]
[Site "masterchessopen.com London (England)"]
[Round "3"]
[White "Ripley J (ENG)"]
[Black "Speelman Jonathan S (ENG)"]
[Result "0-1"]
[WhiteElo "2230"]
[BlackElo "2410"]

1.e4 c5 2.Nf3 Nc6 3.d4 cxd4 4.Nxd4 Nf6 5.Nc3 d6 6.Bg5 a6 7.Qd2 e6 8.O-O-O Bd7
9.f4 b5 10.Nxc6 Bxc6 11.Qe3 h6 12.Bh4 Ng4 13.Qg3 g5 14.Qxg4 gxh4 15.Bd3 b4
16.Nd5 h5 17.Qe2 Qa5 18.Bc4 Bg7 19.f5 Bb5 20.fxe6 fxe6 21.Nf4 Rc8 22.Bxb5+
axb5 23.Nxe6 Be5 24.Nd4 Rc4 25.Nf3 b3 26.axb3 Qa1+ 27.Kd2 Rxc2+ 28.Kd3 Rc3+
{#R} 0-1

[Event "Memorial K.Piskov"]
[Site "masterchessopen.com Ruse (Bulgaria)"]
[Round "10"]
[White "Mihaljcisin Mihajlo (SRB)"]
[Black "Grigorov Jordan N (BUL)"]
[Result "1-0"]
[WhiteElo "2280"]
[BlackElo "2380"]

1.e4 c5 2.Nf3 Nc6 3.d4 cxd4 4.Nxd4 Nf6 5.Nc3 d6 6.Bg5 e6 7.Qd2 a6 8.O-O-O Bd7
9.f4 b5 10.Bxf6 gxf6 11.g3 Qb6 12.Nce2 Na5 13.b3 h5 14.Kb1 Nb7 15.Bg2 Rc8
16.e5 fxe5 17.fxe5 Bh6 18.Nf4 Nc5 19.exd6 Bg7 20.Rhe1 Kf8 21.Rf1 Kg8 22.Qf2
Na4 23.Nd5 {#r} 1-0

[Event "?"]
[Site "masterchessopen.com URS"]
[Round "0"]
[White "Yuneev Alexey (RUS)"]
[Black "Mukhin Mikhail (RUS)"]
[Result "1-0"]
[WhiteElo "2425"]
[BlackElo "2420"]

1.e4 c5 2.Nf3 Nc6 3.d4 cxd4 4.Nxd4 Nf6 5.Nc3 d6 6.Bg5 e6 7.Qd2 a6 8.O-O-O Bd7
9.f4 h6 10.Bh4 g5 11.fxg5 Ng4 12.Nf3 Be7 13.g6 Bxh4 14.gxf7+ Kxf7 15.Qf4+ Ke7
16.Nxh4 Nge5 17.Be2 Qg8 18.Nf3 Rd8 19.Qh4+ {#r} 1-0

[Event "It"]
[Site "masterchessopen.com Gladsaxe (Denmark)"]
[Round "6"]
[White "Kristiansen Jens (DEN)"]
[Black "Schneider Lars-Ake (SWE)"]
[Result "0-1"]
[WhiteElo "2365"]
[BlackElo "2420"]

1.e4 c5 2.Nf3 Nc6 3.d4 cxd4 4.Nxd4 Nf6 5.Nc3 d6 6.Bg5 e6 7.Qd2 a6 8.O-O-O Bd7
9.f4 b5 10.Bxf6 gxf6 11.Nxc6 Bxc6 12.Qe3 Qe7 13.Bd3 Qa7 14.Qe1 O-O-O 15.Kb1 h5
16.Rc1 Kb8 17.Qe2 Qb6 18.Rhf1 h4 19.Nd1 d5 20.exd5 Bxd5 21.Ne3 Bb7 22.Ng4 Rg8
23.f5 e5 24.Rce1 Rd4 25.Nf2 Rxg2 26.Rg1 h3 27.Rxg2 hxg2 28.Nh3 Rh4 29.Ng1 Bc5
30.Nf3 Bxf3 {#R} 0-1

[Event "Ch Europe (juniors)"]
[Site "masterchessopen.com Groningen (Netherlands)"]
[Round "12"]
[White "Hjartarson Johann (ISL)"]
[Black "Radziejewski Dariusz (POL)"]
[Result "1-0"]
[WhiteElo "2582"]
[BlackElo "2300"]

1.e4 c5 2.Nf3 Nc6 3.d4 cxd4 4.Nxd4 Nf6 5.Nc3 d6 6.Bg5 e6 7.Qd2 a6 8.O-O-O Bd7
9.f4 b5 10.Bxf6 gxf6 11.Nxc6 Bxc6 12.Qe1 Be7 13.Bd3 Qb6 14.Kb1 Qc5 15.f5 b4
16.Ne2 e5 17.Ng3 a5 18.Qe2 a4 19.Bc4 a3 20.b3 O-O-O 21.Qd3 Kb8 22.Bxf7 h5
23.Bc4 Rd7 24.Nf1 d5 25.exd5 Rhd8 26.Ne3 Bf8 27.Qe4 Bh6 28.dxc6 Qxe3 29.Rxd7
{#r} 1-0

[Event "It (open)"]
[Site "masterchessopen.com London (England)"]
[Round "9"]
[White "Plaskett Jim (ENG)"]
[Black "Kinlay Jonathan (ENG)"]
[Result "0-1"]
[WhiteElo "2480"]
[BlackElo "2220"]

1.e4 c5 2.Nf3 Nc6 3.d4 cxd4 4.Nxd4 Nf6 5.Nc3 d6 6.Bg5 e6 7.Qd2 a6 8.O-O-O Bd7
9.f4 b5 10.Bxf6 gxf6 11.Kb1 Qb6 12.Nce2 h5 13.g3 O-O-O 14.Bh3 Kb8 15.Rhe1 b4
16.Bg2 Rc8 17.Nxc6+ Bxc6 18.Nd4 Bb7 19.Re3 Be7 20.Rb3 a5 21.a3 d5 22.exd5 a4
23.Re3 bxa3 24.b3 Rhd8 25.Ka2 Bxd5 26.Ka1 Bb4 27.c3 axb3 28.cxb4 Bxg2 29.Qxg2
Rxd4 30.Rxd4 Qxd4+ {#R} 0-1

[Event "Olympiad URS"]
[Site "masterchessopen.com Moscow (Russia)"]
[Round "0"]
[White "Mnatsakanian Eduard A (ARM)"]
[Black "Kudriashov Anatoli (TKM)"]
[Result "1-0"]
[WhiteElo "2200"]
[BlackElo "2318"]

1.e4 c5 2.Nf3 Nc6 3.d4 cxd4 4.Nxd4 Nf6 5.Nc3 d6 6.Bg5 e6 7.Qd2 a6 8.O-O-O Bd7
9.Be2 b5 10.Nxc6 Bxc6 11.Qe3 Be7 12.e5 Nd5 13.Nxd5 Bxg5 14.Nc7+ Kf8 15.f4 Qxc7
16.fxg5 d5 17.Rhf1 Be8 18.Bg4 Rc8 19.Rf2 Ke7 20.g6 h6 21.Rd3 b4 22.Qf4 fxg6
23.Qxb4+ Qc5 24.Qd2 Bd7 25.Rc3 Qa5 26.Rf7+ {#r} 1-0

[Event "Olympiad URS"]
[Site "masterchessopen.com Moscow (Russia)"]
[Round "0"]
[White "Savon Vladimir A (UKR)"]
[Black "Figler Ilye (USA)"]
[Result "1-0"]
[WhiteElo "2443"]
[BlackElo "2320"]

1.e4 c5 2.Nf3 Nc6 3.d4 cxd4 4.Nxd4 Nf6 5.Nc3 d6 6.Bg5 e6 7.Qd2 a6 8.O-O-O Bd7
9.f3 Be7 10.g4 h5 11.gxh5 Nxh5 12.Be3 Ng3 13.Rg1 Nxf1 14.Rdxf1 Ne5 15.Rxg7 Nc4
16.Qd3 Rc8 17.Rfg1 Rxh2 18.Rg8+ Bf8 19.Bf4 Rh3 20.Nf5 exf5 21.Rxf8+ Kxf8
22.Bxd6+ Nxd6 23.Qxd6+ Qe7 24.Rg8+ Kxg8 25.Qxe7 Be6 26.Qg5+ Kh7 27.exf5 Rc5
28.Qg2 {#r} 1-0

[Event "It"]
[Site "masterchessopen.com Stary Smokovec (Slovakia)"]
[Round "0"]
[White "Mnatsakanian Eduard A (ARM)"]
[Black "Banas Jan (SVK)"]
[Result "1-0"]
[WhiteElo "2200"]
[BlackElo "2318"]

1.e4 c5 2.Nf3 Nc6 3.d4 cxd4 4.Nxd4 Nf6 5.Nc3 d6 6.Bg5 e6 7.Qd2 a6 8.O-O-O Bd7
9.Be2 h6 10.Bh4 b5 11.Nxc6 Bxc6 12.Qe3 Be7 13.e5 Nd5 14.Nxd5 Bxd5 15.Bxe7 Qxe7
16.exd6 Qxd6 17.Rxd5 Qxd5 18.Bf3 Qd8 19.Bc6+ Ke7 20.Rd1 Qc8 21.Qc5+ Kf6 22.Rd7
Kg6 23.Qe7 Qf8 24.Be4+ Kh5 25.Bxa8 Qxa8 26.Qxf7+ g6 27.g4+ {#r} 1-0

[Event "Ch Sweden"]
[Site "masterchessopen.com Sweden"]
[Round "0"]
[White "Runnby Jan (SWE)"]
[Black "Schneider Lars-Ake (SWE)"]
[Result "0-1"]
[WhiteElo "2250"]
[BlackElo "2420"]

1.e4 c5 2.Nf3 Nc6 3.d4 cxd4 4.Nxd4 Nf6 5.Nc3 d6 6.Bg5 e6 7.Qd2 a6 8.O-O-O Bd7
9.f4 b5 10.Bxf6 gxf6 11.f5 Nxd4 12.Qxd4 Bh6+ 13.Kb1 Bf4 14.Ne2 Be5 15.Qd3 Qb6
16.g3 Rc8 17.Bh3 Rc4 18.fxe6 fxe6 19.Nf4 Ke7 20.Qe2 Qc6 21.Rhe1 Rc8 22.Rc1
Bxb2 23.Nd5+ exd5 24.Bxd7 Be5 {#R} 0-1

[Event "It (a)"]
[Site "masterchessopen.com Trnava (Slovakia)"]
[Round "7"]
[White "Pavlov Mircea (ROM)"]
[Black "Trapl Jindrich (CZE)"]
[Result "1-0"]
[WhiteElo "2355"]
[BlackElo "2336"]

1.e4 c5 2.Nf3 d6 3.d4 cxd4 4.Nxd4 Nf6 5.Nc3 a6 6.Bg5 Nc6 7.Qd2 e6 8.O-O-O Bd7
9.f4 b5 10.Bxf6 gxf6 11.g3 Qb6 12.Nf3 b4 13.Ne2 Qf2 14.Ne1 a5 15.Kb1 h5 16.h4
Na7 17.Bg2 Bb5 18.Bf3 Bxe2 19.Bxe2 Qxg3 20.Nd3 Qg6 21.Qe3 Nc8 22.Rhg1 Qh7
23.Qd4 Ra7 24.Qc4 Kd8 25.Bf3 Rg8 26.Qb5 Rxg1 27.Rxg1 f5 28.e5 Be7 29.Bb7 Bxh4
30.exd6 f6 31.Nc5 {#r} 1-0

[Event "It (b)"]
[Site "masterchessopen.com Trnava (Slovakia)"]
[Round "6"]
[White "Drvota Antonin (CZE)"]
[Black "Dobrovolsky Ladislav (CZE)"]
[Result "0-1"]
[WhiteElo "2200"]
[BlackElo "2347"]

1.e4 c5 2.Nf3 Nc6 3.d4 cxd4 4.Nxd4 Nf6 5.Nc3 d6 6.Bg5 e6 7.Qd2 a6 8.O-O-O Bd7
9.f4 b5 10.Bxf6 gxf6 11.Kb1 Qb6 12.Nde2 b4 13.Na4 Qb7 14.Qe3 Rb8 15.b3 Na7
16.f5 e5 17.Ng3 h5 18.Qe2 Nb5 19.Nxh5 Na3+ 20.Kb2 Rxh5 21.Qxh5 Bxa4 22.bxa4
Qc6 {#R} 0-1

[Event "?"]
[Site "masterchessopen.com Vrnjacka Banja (Serbia)"]
[Round "0"]
[White "Tukmakov Vladimir B (UKR)"]
[Black "Milicevic Miodrag (SRB)"]
[Result "1-0"]
[WhiteElo "2575"]
[BlackElo "2204"]

1.e4 c5 2.Nf3 Nc6 3.d4 cxd4 4.Nxd4 Nf6 5.Nc3 d6 6.Bg5 e6 7.Qd2 a6 8.O-O-O Bd7
9.f4 b5 10.Bxf6 gxf6 11.Nxc6 Bxc6 12.Qe1 Qe7 13.Bd3 O-O-O 14.a4 bxa4 15.Bxa6+
Kb8 16.Bb5 Qd7 17.Rd4 d5 18.Bxc6 Qxc6 19.exd5 exd5 20.Nxa4 Bd6 21.Qc3 Qb5
22.Rhd1 Rhe8 23.Kb1 Rc8 24.Qf3 Rc4 25.Rxd5 Qxa4 26.b3 Qb4 27.Rxd6 Rec8 28.Ra6
Qb7 29.Qxb7+ Kxb7 30.Rdd6 {#r} 1-0

[Event "?"]
[Site "masterchessopen.com Bogota (Colombia)"]
[Round "0"]
[White "Garcia Gildardo (COL)"]
[Black "Minaya Juan (COL)"]
[Result "1-0"]
[WhiteElo "2401"]
[BlackElo "2207"]

1.e4 c5 2.Nf3 e6 3.d4 cxd4 4.Nxd4 Nf6 5.Nc3 d6 6.Bg5 Nc6 7.Qd2 a6 8.O-O-O Bd7
9.f4 b5 10.Nxc6 Bxc6 11.Bd3 Be7 12.e5 dxe5 13.fxe5 Nd7 14.Bxe7 Qxe7 15.Be4 Qc5
16.Rhe1 Ra7 17.b4 Qc4 18.Qe3 Bxe4 19.Nxe4 Qc7 20.Qg5 Kf8 21.Nc5 {#r} 1-0

[Event "?"]
[Site "masterchessopen.com Kladovo (Yugoslavia)"]
[Round "0"]
[White "Jansa Vlastimil (CZE)"]
[Black "Cabrilo Goran (SRB)"]
[Result "1-0"]
[WhiteElo "2480"]
[BlackElo "2454"]

1.e4 c5 2.Nf3 d6 3.d4 cxd4 4.Nxd4 Nf6 5.Nc3 Nc6 6.Bg5 e6 7.Qd2 a6 8.O-O-O Bd7
9.f4 b5 10.Bxf6 gxf6 11.Nxc6 Bxc6 12.Qe1 Be7 13.Bd3 Qb6 14.Kb1 Qc5 15.Rf1 h5
16.Rd2 Kd7 17.f5 Qe5 18.Re2 Rag8 19.Nd5 Bd8 20.fxe6+ fxe6 21.Qf2 exd5 22.exd5
Qxd5 23.Bf5+ Kc7 24.Qa7+ Bb7 25.Be4 Qxe4 26.Rxe4 Rxg2 27.Re3 {#r} 1-0

[Event "Ch Latvia"]
[Site "masterchessopen.com Latvia"]
[Round "0"]
[White "Sandler Leonid (AUS)"]
[Black "Klovans Janis (LAT)"]
[Result "0-1"]
[WhiteElo "2268"]
[BlackElo "2475"]

1.e4 c5 2.Nf3 d6 3.d4 cxd4 4.Nxd4 Nf6 5.Nc3 Nc6 6.Bg5 e6 7.Qd2 a6 8.O-O-O Bd7
9.f3 b5 10.Kb1 Be7 11.h4 Rc8 12.Be3 Ne5 13.a3 Nc4 14.Bxc4 Rxc4 15.g4 Qb8
16.Nb3 O-O 17.e5 dxe5 18.Na5 Rcc8 19.g5 Nd5 20.Nxd5 exd5 21.Qxd5 Bf5 22.Nc6
Qc7 23.Nxe7+ Qxe7 24.Rc1 Rfd8 25.Qb3 Rc4 26.Rh2 Be6 27.Bb6 Rb8 28.Qe3 b4 29.a4
b3 30.cxb3 Bf5+ {#R} 0-1

[Event "?"]
[Site "masterchessopen.com URS"]
[Round "0"]
[White "Shulman Vladlen (LAT)"]
[Black "Klovans Janis (LAT)"]
[Result "0-1"]
[WhiteElo "2324"]
[BlackElo "2475"]

1.e4 c5 2.Nf3 Nc6 3.d4 cxd4 4.Nxd4 Nf6 5.Nc3 d6 6.Bg5 e6 7.Qd2 a6 8.O-O-O Bd7
9.f4 b5 10.e5 dxe5 11.fxe5 Nxe5 12.Qe1 Ng6 13.Ndxb5 axb5 14.Bxb5 Qa5 15.Rxd7
Nxd7 16.Qd2 Ra7 17.Rd1 Ne5 18.Qf4 Be7 19.Rxd7 Bxg5 20.Rxa7+ Qxb5 21.Ra8+ Kd7
22.Ra7+ Kc6 23.Ra6+ Kb7 24.Ra7+ Kb6 {#R} 0-1

[Event "?"]
[Site "masterchessopen.com Yugoslavia"]
[Round "0"]
[White "Marjanovic Slavoljub (SRB)"]
[Black "Popovic Petar (SRB)"]
[Result "1-0"]
[WhiteElo "2490"]
[BlackElo "2490"]

1.e4 c5 2.Nf3 d6 3.d4 cxd4 4.Nxd4 Nf6 5.Nc3 Nc6 6.Bg5 e6 7.Qd2 a6 8.O-O-O Bd7
9.f4 h6 10.Bh4 g5 11.fxg5 Ng4 12.Nf3 Be7 13.g6 Bxh4 14.gxf7+ Kf8 15.Qxd6+ Be7
16.Qxd7 Nf2 17.Qxb7 Nxd1 18.Qxc6 Nxc3 19.Qxc3 Rh7 20.Bc4 Rc8 21.Nd4 Bc5 22.Kb1
{#r} 1-0

[Event "It (open)"]
[Site "masterchessopen.com Copenhagen (Denmark)"]
[Round "0"]
[White "Westerinen Heikki M J (FIN)"]
[Black "Kopec Danny (USA)"]
[Result "1-0"]
[WhiteElo "2410"]
[BlackElo "2336"]

1.e4 c5 2.Nf3 d6 3.d4 cxd4 4.Nxd4 Nf6 5.Nc3 Nc6 6.Bg5 e6 7.Qd2 a6 8.O-O-O Bd7
9.f4 h6 10.Bh4 Be7 11.Nf3 b5 12.e5 dxe5 13.fxe5 b4 14.exf6 bxc3 15.Qxd7+ Qxd7
16.Rxd7 cxb2+ 17.Kxb2 Rb8+ 18.Ka1 Kxd7 19.fxe7 f6 20.Bc4 Nb4 21.Bb3 Rhc8
22.Nd4 Rb6 23.Re1 Kxe7 24.Bf2 Kf7 25.Nxe6 {#r} 1-0

[Event "It (open)"]
[Site "masterchessopen.com Reykjavik (Iceland)"]
[Round "0"]
[White "Byrne Robert E (USA)"]
[Black "Schneider Lars-Ake (SWE)"]
[Result "1-0"]
[WhiteElo "2434"]
[BlackElo "2455"]

1.e4 c5 2.Nf3 Nc6 3.d4 cxd4 4.Nxd4 Nf6 5.Nc3 d6 6.Bg5 e6 7.Qd2 a6 8.O-O-O Bd7
9.f4 b5 10.Bxf6 gxf6 11.Kb1 Qb6 12.Nxc6 Bxc6 13.f5 b4 14.Ne2 Bxe4 15.fxe6 fxe6
16.Nf4 d5 17.Bd3 Qc6 18.Bxe4 dxe4 19.Qe2 Bg7 20.Qg4 Kf7 21.Nxe6 h5 22.Qf5 Rae8
23.Nf4 e3 24.Rd7+ Kg8 25.Nd5 Kf8 26.Rc7 e2 27.Re1 Qe6 28.Qg6 Bh6 29.Rxe2 {#r}
1-0

[Event "It"]
[Site "masterchessopen.com Rostock (Germany)"]
[Round "0"]
[White "Rossmann Helmut (GER)"]
[Black "Kiss Attila (HUN)"]
[Result "1-0"]
[WhiteElo "2290"]
[BlackElo "2285"]

1.e4 c5 2.Nf3 d6 3.d4 cxd4 4.Nxd4 Nf6 5.Nc3 Nc6 6.Bg5 e6 7.Qd2 a6 8.O-O-O Bd7
9.f3 b5 10.Nxc6 Bxc6 11.h4 h6 12.Be3 Be7 13.Qf2 b4 14.Ne2 e5 15.Ng3 Bd7 16.Nf5
Bxf5 17.exf5 Qc7 18.g4 Qc6 19.Bd3 d5 20.g5 Nd7 21.f6 Bf8 22.Bf5 Rd8 23.fxg7
Bxg7 24.f4 hxg5 25.fxe5 Nxe5 26.Rhe1 g4 27.Bf4 Kf8 28.Bxe5 Qh6+ 29.Kb1 {#r}
1-0

[Event "Match \"]
[Site "masterchessopen.com Budapest (Hungary)"]
[Round "1"]
[White "Kuzmin Gennadi P (UKR)"]
[Black "Liptay Laszlo (HUN)"]
[Result "1-0"]
[WhiteElo "2520"]
[BlackElo "2335"]

1.e4 c5 2.Nf3 Nc6 3.d4 cxd4 4.Nxd4 Nf6 5.Nc3 d6 6.Bg5 e6 7.Qd2 a6 8.O-O-O Bd7
9.Nxc6 Bxc6 10.Qe1 Qa5 11.f4 Be7 12.Bh4 { ! } 12...Qc7 13.Bd3 O-O-O 14.Rf1 Rd7
15.Kb1 Kb8 16.h3 e5 17.Bg3 { ! } 17...exf4 18.Bxf4 Ka8 19.g4 h6 20.Qe3 { ! }
20...Re8 21.Qd4 Bf8 22.a4 { ! } 22...Qb8 23.b4 Qa7 24.Qxa7+ Kxa7 25.Be3+ { ! }
25...b6 26.Rde1 Rde7 27.a5 Nd7 ( 27...Nxe4 28.Bxb6+ Kb8 29.Nxe4 Bxe4 30.Bxe4
Rxe4 31.Rxe4 Rxe4 32.Rxf7 ) 28.b5 { ! } 28...Bb7 29.axb6+ {#r} 1-0

[Event "It \"]
[Site "masterchessopen.com Amsterdam (Netherlands)"]
[Round "2"]
[White "Chandler Murray G (ENG)"]
[Black "Langeweg Kick (NED)"]
[Result "1-0"]
[WhiteElo "2540"]
[BlackElo "2415"]

1.e4 c5 2.Nf3 d6 3.d4 cxd4 4.Nxd4 Nf6 5.Nc3 Nc6 6.Bg5 e6 7.Qd2 a6 8.O-O-O Bd7
9.Be2 b5 10.Nxc6 Bxc6 11.Qe3 Be7 12.e5 Nd5 13.Nxd5 Bxd5 14.Bxe7 Qxe7 15.exd6
Qxd6 16.Rxd5 Qxd5 17.Bf3 Qxa2 18.Qc5 f5 19.Bxa8 Kf7 20.Qc7+ Kf6 21.Rd1 Rxa8
22.Qc3+ Kg6 23.Rd7 Qa1+ 24.Kd2 Rg8 25.Qg3+ Kf6 26.h4 h6 27.h5 Qxb2 28.Qh4+ Ke5
29.f4+ Ke4 30.Qg3 {#r} 1-0

[Event "Bundesliga 1983/84"]
[Site "masterchessopen.com Germany"]
[Round "0"]
[White "Reeh Oliver (GER)"]
[Black "Borik Otto (GER)"]
[Result "0-1"]
[WhiteElo "2453"]
[BlackElo "2419"]

1.e4 c5 2.Nf3 Nc6 3.d4 cxd4 4.Nxd4 Nf6 5.Nc3 d6 6.Bg5 e6 7.Qd2 a6 8.O-O-O Bd7
9.f4 Qc7 10.Bxf6 gxf6 11.Kb1 Be7 12.f5 Nxd4 13.Qxd4 O-O-O 14.Na4 Kb8 15.Nb6
Be8 16.b4 d5 17.exd5 Rd6 18.c4 Rxb6 {#R} 0-1

[Event "Ch Leningrad"]
[Site "masterchessopen.com Leningrad (Russia)"]
[Round "0"]
[White "Agapov K (RUS)"]
[Black "Barkovsky Eduard"]
[Result "1-0"]
[WhiteElo "2395"]
[BlackElo "2120"]

1.e4 c5 2.Nf3 d6 3.d4 cxd4 4.Nxd4 Nf6 5.Nc3 Nc6 6.Bg5 e6 7.Qd2 a6 8.O-O-O Bd7
9.f4 b5 10.Nxc6 Bxc6 11.Bd3 Be7 12.e5 dxe5 13.fxe5 Nd7 14.Bxe7 Qxe7 15.Be4 Rc8
16.Bxc6 Rxc6 17.Ne4 Nxe5 18.Nd6+ Kf8 19.Rhe1 f6 20.Nxb5 Rc8 21.Nd6 Rd8 22.Qc3
h5 23.Nc8 Rxd1+ 24.Rxd1 Qe8 25.Qc7 Nf7 {#r} 1-0

[Event "It (cat.10)"]
[Site "masterchessopen.com Plovdiv (Bulgaria)"]
[Round "0"]
[White "Short Nigel D (ENG)"]
[Black "Lukin Andrei M (RUS)"]
[Result "1-0"]
[WhiteElo "2510"]
[BlackElo "2470"]

1.e4 c5 2.Nf3 d6 3.d4 cxd4 4.Nxd4 Nf6 5.Nc3 Nc6 6.Bg5 e6 7.Qd2 a6 8.O-O-O Bd7
9.f3 Be7 10.h4 Qc7 11.Kb1 b5 12.Bxb5 axb5 13.Ndxb5 Qb8 14.Nxd6+ Bxd6 15.Qxd6
Qxd6 16.Rxd6 h6 17.Be3 Ne5 18.b3 Rc8 19.Bd4 Nc6 20.Bb6 Ne5 21.Kb2 Bc6 22.Rhd1
O-O 23.a4 g5 24.hxg5 hxg5 25.Bd4 Nfd7 26.Be3 f5 27.Rxe6 fxe4 28.Nxe4 g4 29.Nd6
{#r} 1-0